Software Engineering/ (Record no. 13778)

MARC details
000 -LEADER
fixed length control field 00465nam a22001577a 4500
008 - FIXED-LENGTH DATA ELEMENTS--GENERAL INFORMATION
fixed length control field 100325s2009 ii|||||r|||| 000 0 eng d
020 ## - INTERNATIONAL STANDARD BOOK NUMBER
International Standard Book Number 9788184315592
082 ## - DEWEY DECIMAL CLASSIFICATION NUMBER
Edition number 22
Classification number 005.1
Item number PUN
100 ## - MAIN ENTRY--PERSONAL NAME
9 (RLIN) 13035
Personal name Puntambekar, Anuradha A.
245 ## - TITLE STATEMENT
Title Software Engineering/
Statement of responsibility, etc Anuradha A. Puntambekar
250 ## - EDITION STATEMENT
Edition statement 3rd ed & rev.
260 ## - PUBLICATION, DISTRIBUTION, ETC. (IMPRINT)
Place of publication, distribution, etc Pune:
Name of publisher, distributor, etc Technical pub., 2009
Date of publication, distribution, etc 2009
300 ## - PHYSICAL DESCRIPTION
Extent 1 v.:
Other physical details ill.;
Dimensions 24 cm.
650 ## - SUBJECT ADDED ENTRY--TOPICAL TERM
9 (RLIN) 12915
Topical term or geographic name as entry element Software Engineering.
942 ## - ADDED ENTRY ELEMENTS (KOHA)
Source of classification or shelving scheme Dewey Decimal Classification
Item type Book - Borrowing
Holdings
Withdrawn status Item status Source of classification or shelving scheme Damaged status Not for loan Vendor Home library Current library Shelving location Date acquired Source of acquisition Cost, normal purchase price Serial Enumeration / chronology Total Checkouts Full call number Barcode Date last seen Koha item type
    Dewey Decimal Classification     Alahram Central Library Central Library Lower Floor 25/03/2010   52.00 40   005.1 PUN 000020337 15/07/2025 Book - Borrowing